| 000 -LEADER |
| fixed length control field |
00545nam a22001817a 4500 |
| 008 - FIXED-LENGTH DATA ELEMENTS--GENERAL INFORMATION |
| fixed length control field |
150528b xxu||||| |||| 00| 0 eng d |
| 020 ## - INTERNATIONAL STANDARD BOOK NUMBER |
| International Standard Book Number |
9780071633567 |
| 041 ## - LANGUAGE CODE |
| Language code of text/sound track or separate title |
eng |
| 080 ## - UNIVERSAL DECIMAL CLASSIFICATION NUMBER |
| Universal Decimal Classification number |
004 |
| 100 1# - Rafti |
| Rafti |
Dwivedi, Himanshu. |
| 245 10 - TITLE STATEMENT |
| Title |
Mobile application security / |
| Statement of responsibility, etc |
Himanshu Dwivedi, Chris Clark, David Thiel. |
| 260 ## - |
| -- |
New York : |
| -- |
McGraw-Hill, |
| -- |
c2010. |
| 300 ## - |
| -- |
xxii, 408 f. : |
| -- |
me ill. ; |
| -- |
24 cm. |
| 650 ## - |
| -- |
Mobile computing |
| -- |
Security measures. |
| 700 1# - |
| -- |
Clark, Chris, |
| -- |
1980- |
| 700 1# - |
| -- |
Thiel, David V. |
| 942 ## - ADDED ENTRY ELEMENTS (KOHA) |
| Source of classification or shelving scheme |
|
| Item type |
Books |